000
00255nam a22001097a 4500
008
170124b xxu||||| |||| 00| 0 eng d
020
_a
9780130304575
041
_a
eng
080
_a
618.2
245
_a
MEDICAL-SURGICAL NURSING
_c
HOGAN, A.M
942
_2
udc
_c
BK
999
_c
3465
_d
3465